| 000 | 00901nas a2200289 4500 | ||
|---|---|---|---|
| 001 | BR2014008089 | ||
| 003 | BR-BrBNA | ||
| 005 | 20231205124831.0 | ||
| 007 | ta | ||
| 008 | 230509b bl.|||p| |||| 00| 00por d | ||
| 040 |
_aBR-BrBNA _bpor _cBiblioteca Nacional de Agricultura |
||
| 041 | _a(Pt) | ||
| 072 | _aQ04 | ||
| 100 | 1 | _aMartiniano, L. de C. | |
| 100 | 1 | _aFonseca, T.R.R. da | |
| 100 | 1 | _aFontinele, S.L.L. | |
| 100 | 1 | _aMarinho, S.C. | |
| 245 | 1 | _aDeterminação da concentração de ferro em variedades de feijão comercializadas na cidade de São Luis, MA | |
| 650 | _aFEIJÃO | ||
| 650 | _aCOMPOSIÇÃO QUÍMICA | ||
| 650 | _aFERRO | ||
| 650 | _aCOMERCIALIZAÇÃO | ||
| 650 | _aSÃO LUIS | ||
| 773 | 0 |
_tHigiene Alimentar (Brazil) _xISSN 0101-9171 _g(Jul-Aug 2013), v. 27(222-223) p. 29-32 _wBR2014008089 |
|
| 909 |
_a202311 _bLúcia _c55 _dLúcia Elande |
||
| 942 |
_2AGRIS _n0 _cANA |
||
| 999 |
_c241152 _d241152 |
||